Towards micropolitical foundations of public finance

Gespeichert in:
Bibliographische Detailangaben
1. Verfasser: Persson, Torsten
Weitere Verfasser: Roland, Gérard, Tabellini, Guido
Format: Buch
Sprache:Englisch
Veröffentlicht: Milano IGIER 1997
Schriftenreihe:Working paper series Working paper n. 119
Schlagworte:
Tags: Tag hinzufügen
Keine Tags, Fügen Sie das erste Tag hinzu!

MARC

LEADER 00000nam a2200000 4500
001 c109117
005 20221124074038.5
041 0 |a eng 
044 |a IT 
245 1 0 |a Towards micropolitical foundations of public finance  |c Torsten Persson, Gérard Roland, Guido Tabellini 
264 1 |a Milano  |b IGIER  |c 1997 
300 |a 10 s. 
490 1 |a Working paper series  |v Working paper n. 119 
830 0 |a Working paper series  |v Working paper n. 119 
610 2 0 |a politika 
610 2 0 |a systémy politické 
610 2 0 |a parlamenty 
610 2 0 |a prezidenti 
610 2 0 |a financie verejné 
610 2 0 |a dôchodky 
610 2 0 |a legislatíva 
100 1 |a Persson, Torsten 
700 1 |a Roland, Gérard 
700 1 |a Tabellini, Guido